000 00409 a2200121 4500
020 _a047148654X
040 _aDLC
_bDLC
245 0 0 _aUMTS networks : architecture, mobility, and services
_barchitecture, mobility, and services
_cHeikki Kaaranen
260 _aChichester ;
_aNew York :
_bJ. Wiley,
_c2001.
300 _axxiv, 302 p. :
_bill. ;
_c25 cm.
700 1 _aKaaranen, Heikki.
942 _cBK
_k621.3845 KAA
_2ddc
999 _c8355
_d8355